LEADER 00951nam a2200241 i 4500 001 000000245463 003 CaOOAMICUS 005 20151007000000.0 008 151007s1856 it u000 u fre u 013 $a224368 040 $aSeMil$bita 100 1 $aMirecourt, Eugène : de.$0(OLS)http://semarc/name/82535 245 10$aLacordaire /$cpar Eugène de Mirecourt. 260 $aParis :$bGustave Havard,$c1856. 300 $a90 p., [1] c. di tav. ripieg. :$bfacs. ;$c14 cm. 490 0 $aLes contemporaines 500 $aLegato con 3G-I-81 FA. 600 14$aLacordaire, Henri-Dominique .$0(OLS)http://semarc/subject/3507 830 4$aLes contemporaines.$0(OLS)http://semarc/title/44151 850 $aSeMil 852 $aSeMil$W1$xVenegono$y1$m3G I 82 FA$j195809$B195809$CSeMilBibl$Z2$F206507 $8I 996 $6245$aLacordaire$9(OLS)http://semarc/title/163722 996 $6260$aParis :$bGustave Havard$9(OLS)http://semarc/publisher/39360 LEADER 01279nam a2200313 i 4500 001 000000038575 003 CaOOAMICUS 005 20200819111912.0 008 100714s1992 be u000 u mul u 013 $a9167 020 $a2-503-36000-9 040 $aSeMil$bita 100 1 $aGenicot, Léopold,$d<1914-1995>.$0(OLS)http://semarc/name/85 245 10$aTable des fascicules /$cdressée par = compiled by = eingerichtet von L. Genicot. 246 01$aTable of fascicles 246 01$aRegister der faszikel : 1-50 264 1$aTurnhout :$bBrepols,$c1992. 300 $a111 p. ;$c24 cm. 490 0 $aTypologie des sources du Moyen Age occidental 830 0$aTypologie des sources du Moyen Age occidental.$0(OLS)http://semarc/title/122 850 $aSeMil 852 $aSeMil$W1$xVenegono$y1$m2U II 149/A$j4730$B4730$CSeMilBibl$Z2$F4730 $81 961 $aAcquisto: Casa editrice 996 $6020$a2-503-36000-9$9(OLS)http://semarc/number/20 996 $6245$aTable des fascicules$9(OLS)http://semarc/title/54495 996 $6246$aTable of fascicles$9(OLS)http://semarc/title/402393 996 $6246$aRegister der faszikel : 1-50$9(OLS)http://semarc/title/54496 996 $6264$aTurnhout :$bBrepols$9(OLS)http://semarc/publisher/29626